Eredivisie: 50+ Goals (2000-) - Statistics

General Stats
  • This quiz has been taken 25 times
  • The average score is 27 of 68
Answer Stats
Ranking Player Positions Nationality Matches Goals (assists) Periods Clubs % Correct
2 Klaas-Jan Huntelaar FW 233 156 (32) 2002-2003, 2004-2008, 2017-2021
100%
1 Luuk de Jong FW 337 192 (82) 2008-2011, 2014-2018, 2022-2025
100%
26 Siem de Jong MF, FW 258 71 (32) 2007-2013, 2016-2017, 2019-2022
100%
4 Dušan Tadić MF, FW 295 119 (132) 2010-2013, 2018-2023
94%
3 Dirk Kuyt DF, FW 264 142 (74) 2000-2005, 2015-2017
76%
11 Luis Suárez FW 139 91 (52) 2006-2011
76%
23 Sébastien Haller FW 148 77 (27) 2014-2016, 2020-2021, 2024-2025
76%
5 Steven Berghuis MF, FW 351 116 (93) 2010-2014, 2016-2025
76%
22 Hakim Ziyech MF, FW 216 79 (88) 2012-2020
71%
68 Theo Janssen MF 332 50 (48) 2000-2014
71%
53 Willem Janssen DF, MF 409 53 (23) 2007-2022
71%
25 Bas Dost FW 157 74 (19) 2008-2011, 2022-2024
65%
18 Lasse Schöne MF 459 85 (70) 2007-2018, 2020-2025
65%
19 Vangelis Pavlidis MF, FW 165 85 (26) 2018-2024
65%
41 Wout Weghorst FW 148 61 (16) 2014-2017, 2024-2025
65%
37 Graziano Pellè FW 135 64 (15) 2007-2010, 2012-2014
59%
45 Jefferson Farfán MF, FW 118 57 (21) 2004-2008
59%
20 Davy Klaassen MF 252 82 (37) 2011-2016, 2020-2025
53%
60 Dries Mertens MF, FW 127 53 (47) 2009-2013
53%
10 Ricky van Wolfswinkel MF, FW 249 99 (30) 2007-2010, 2016-2017, 2021-2025
53%
56 Steven Bergwijn MF, FW 169 53 (39) 2014-2019, 2022-2025
53%
62 Alfreð Finnbogason FW 62 53 (16) 2012-2014
47%
12 Jens Toornstra MF, FW 476 90 (74) 2009-2025
47%
8 Mateja Kežman FW 122 104 (13) 2000-2004
47%
64 Rafael van der Vaart MF 116 52 (23) 2000-2005
47%
36 Georginio Wijnaldum MF, FW 220 64 (22) 2006-2015
41%
42 Ola Toivonen MF, FW 139 61 (18) 2008-2014
41%
66 Alireza Jahanbakhsh MF, FW 202 51 (43) 2013-2014, 2015-2017, 2021-2025
35%
6 Blaise Nkufo FW 223 114 (35) 2003-2010
35%
7 Bryan Linssen MF, FW 356 112 (39) 2010-2021, 2024-2025
35%
15 Kenneth Pérez MF, FW 269 88 (58) 2000-2010
35%
16 Michiel Kramer FW 291 87 (24) 2008-2009, 2013-2025
35%
29 Mounir El Hamdaoui FW 172 70 (20) 2002-2003, 2006-2010, 2015-2016, 2017-2019
35%
13 Tim Matavž FW 223 90 (25) 2007-2013, 2017-2020
35%
63 Danko Lazović FW 154 52 (29) 2003-2004, 2006-2010
29%
28 Danny Koevermans FW 172 70 (17) 2000-2001, 2005-2010, 2013-2014
29%
30 Guus Til MF, FW 200 67 (29) 2016-2018, 2021-2025
29%
14 Jan Vennegoor of Hesselink FW 208 90 (22) 2000-2006, 2011-2012
29%
9 Matthew Amoah FW 271 103 (31) 2000-2005, 2007-2011, 2013-2014
29%
17 Michael de Leeuw MF, FW 247 86 (16) 2011-2015, 2018-2022
29%
61 Shota Arveladze FW 89 53 (16) 2000-2001, 2005-2007
29%
27 Everton MF, FW 218 70 (16) 2006-2013
24%
57 Gerald Sibon FW 163 53 (23) 2002-2005, 2007-2009, 2011-2012
24%
48 Jeremain Lens MF, FW 181 56 (46) 2006-2013
24%
65 Jon Dahl Tomasson MF, FW 98 52 (11) 2000-2001, 2008-2010
24%
51 Lennart Thy MF, FW 172 54 (14) 2017-2021, 2023-2024
24%
38 Lex Immers MF, FW 304 63 (33) 2008-2015, 2017-2020
24%
43 Marco van Ginkel MF, FW 227 58 (25) 2009-2012, 2015-2017, 2020-2024
24%
67 Mike Havenaar FW 138 51 (16) 2011-2013, 2015-2017
24%
33 Pierre van Hooijdonk FW 115 65 (11) 2001-2002, 2005-2007
24%
34 Anthony Lurling MF, FW 353 64 (52) 2000-2005, 2007-2014
18%
31 Frank Demouge FW 243 66 (18) 2001-2004, 2007-2014
18%
32 Mads Junker FW 187 65 (32) 2005-2012
18%
21 Rick Hoogendorp FW 203 82 (21) 2000-2006, 2008-2009
18%
24 Robin Nelisse FW 238 74 (20) 2000-2008
18%
49 Yannis Anastasiou FW 161 56 (25) 2000-2007
18%
59 Ali Elkhattabi FW 145 53 (13) 2000-2006
12%
55 Cedric van der Gun MF, FW 224 53 (23) 2000-2004, 2006-2008, 2011-2014
12%
46 Cristiano FW 183 56 (21) 2000-2008
12%
39 Denny Landzaat MF 281 63 (33) 2000-2005, 2007-2013
12%
40 Erik Falkenburg MF, FW 277 63 (9) 2009-2020
12%
58 Igor Gluščević FW 158 53 (8) 2000-2002, 2004-2008
12%
52 Luc Castaignos FW 159 54 (10) 2009-2010, 2012-2014, 2017-2018
12%
54 Mike van Duinen MF, FW 282 53 (20) 2011-2020, 2022-2024
12%
50 Romano Denneboom FW 271 55 (25) 2000-2010
12%
35 Rydell Poepon MF, FW 242 64 (21) 2006-2013, 2015-2016
12%
47 Samuel Armenteros FW 183 56 (16) 2009-2014, 2016-2017, 2021-2022
12%
44 Sander van de Streek MF, FW 237 57 (20) 2014-2015, 2017-2023
12%
No matching quizzes found
Score Distribution
Percent of People with Each Score
Percentile by Number Answered
Your Score History
You have not taken this quiz